[Event "46th GRE-chT Premier 2018"]
[Site "Rio Achaia"]
[Date "2018.07.13"]
[Round "5"]
[White "Georgiou, Kostantinos"]
[Black "Zysk, Robert"]
[Result "1-0"]
[WhiteElo "2242"]
[BlackElo "2421"]
[Annotator "NA"]
[PlyCount "103"]
[EventDate "2018.07.10"]
[EventType "team-tourn"]
[EventCountry "GRE"]
[SourceTitle "playchess.com"]
[Source "ChessBase"]
[SourceQuality "1"]

1. d4 g6 2. e4 Bg7 3. Nf3 d6 4. Bd3 c5 5. dxc5 dxc5 6. h3 Nc6 7. O-O Nf6 8. Re1 Nd7 9. Nc3 O-O 10. Bf4 Nde5 11. Nxe5 Nxe5 12. Bf1 b6 13. a4 Nc6 14. Nd5 Bb7 15. c3 e6 16. Nc7 Rc8 17. Nb5 e5 18. Bg3 Qe7 19. Qd6 Bf6 20. Bc4 Kg7 21. Bd5 Ba8 22. Qxe7 Bxe7 23. Bxc6 Rxc6 24. Nxa7 Re6 25. Nb5 Rc8 26. Rad1 Bf6 27. Rd6 Rxd6 28. Nxd6 Rc6 29. Ne8+ Kf8 30. Nxf6 Rxf6 31. Bxe5 Re6 32. Bc7 Rc6 33. Bf4 c4 34. f3 Ke7 35. Rd1 Bb7 36. Rd4 Bc8 37. Be3 Be6 38. Rd1 f6 39. g4 Bf7 40. Kf2 Be6 41. h4 Bd7 42. Bd4 f5 43. exf5 gxf5 44. g5 Be8 45. Kg3 Re6 46. Ra1 h5 47. Kf4 Bd7 48. Be5 Kf7 49. a5 bxa5 50. Rxa5 Kg6 51. Ra7 Re7 52. Rc7 1-0

[Event "46th GRE-chT Premier 2018"]
[Site "Rio Achaia"]
[Date "2018.07.13"]
[Round "5"]
[White "Papadopoulos, Nikolaos"]
[Black "Pavlidis, Anastasios"]
[Result "1/2-1/2"]
[WhiteElo "2228"]
[BlackElo "2362"]
[Annotator "NA"]
[PlyCount "61"]
[EventDate "2018.07.10"]
[EventType "team-tourn"]
[EventCountry "GRE"]
[SourceTitle "playchess.com"]
[Source "ChessBase"]
[SourceQuality "1"]

1. e4 d6 2. d4 Nf6 3. Nc3 Nbd7 4. Nf3 e5 5. Bc4 Be7 6. O-O O-O 7. Re1 c6 8. a4 b6 9. Bg5 a6 10. d5 cxd5 11. Nxd5 Nxd5 12. Bxd5 Rb8 13. Bxe7 Qxe7 14. Nd2 Nf6 15. Nc4 Rd8 16. Ne3 b5 17. axb5 axb5 18. c3 Be6 19. Ra6 Nxd5 20. Nxd5 Qb7 21. Rb6 Qa7 22. Rxb8 Rxb8 23. Nb4 Qb6 24. h3 Rc8 25. Qd3 Bc4 26. Qd2 Re8 27. Ra1 Qb7 28. f3 Rd8 29. Kh1 h6 30. Kh2 Rd7 31. Qe3 1/2-1/2

[Event "46th GRE-chT Premier 2018"]
[Site "Rio Achaia"]
[Date "2018.07.13"]
[Round "5"]
[White "Roinos, Ilias"]
[Black "Sidiropoulos, Nikolaos"]
[Result "0-1"]
[WhiteElo "2220"]
[BlackElo "2112"]
[Annotator "NA"]
[PlyCount "62"]
[EventDate "2018.07.10"]
[EventType "team-tourn"]
[EventCountry "GRE"]
[SourceTitle "playchess.com"]
[Source "ChessBase"]
[SourceQuality "1"]

1. e4 g6 2. d4 Bg7 3. Nc3 c6 4. Nf3 d6 5. h3 Nd7 6. a4 Ngf6 7. e5 Nd5 8. Nxd5 cxd5 9. exd6 e6 10. Bb5 O-O 11. Bxd7 Bxd7 12. O-O Qb6 13. b3 Rfd8 14. Ba3 Rac8 15. Re1 Bf8 16. Ne5 Bxd6 17. Qf3 Be8 18. Bxd6 Rxd6 19. Qf4 Qd8 20. Re2 Kg7 21. h4 h5 22. Rae1 Rb6 23. Nd3 Qf6 24. Qg3 Qxd4 25. Nf4 Kf8 26. Re5 Rxc2 27. Qg5 Qxf2+ 28. Kh1 Rxb3 29. Rg1 Rb4 30. Rxe6 Qxf4 31. Rxe8+ Kg7 0-1

[Event "46th GRE-chT Premier 2018"]
[Site "Rio Achaia"]
[Date "2018.07.13"]
[Round "5"]
[White "Michos, Thomas"]
[Black "Papahristoudis, Anastasios"]
[Result "1-0"]
[WhiteElo "2211"]
[BlackElo "2012"]
[Annotator "NA"]
[PlyCount "99"]
[EventDate "2018.07.10"]
[EventType "team-tourn"]
[EventCountry "GRE"]
[SourceTitle "playchess.com"]
[Source "ChessBase"]
[SourceQuality "1"]

1. d4 Nf6 2. Nf3 d5 3. c3 c6 4. Bf4 Bf5 5. e3 e6 6. Be2 Be7 7. O-O O-O 8. h3 Nbd7 9. Nbd2 Ne4 10. Nxe4 Bxe4 11. Nd2 Bg6 12. Qb3 Qb6 13. c4 f6 14. c5 Qxb3 15. axb3 e5 16. Bg3 Rfe8 17. Rfe1 Bf8 18. b4 a6 19. Nb3 Be7 20. Na5 Ra7 21. b5 cxb5 22. c6 bxc6 23. Nxc6 Rc7 24. Rxa6 Bf8 25. Rd1 Bf7 26. Bg4 h5 27. Bxd7 Rxd7 28. dxe5 f5 29. Nd4 h4 30. Bf4 Bh5 31. Rc1 Rb7 32. Nxf5 g5 33. Bh2 Rf7 34. Nd4 Bg7 35. f4 g4 36. hxg4 Bxg4 37. b3 Rb7 38. Rcc6 Bd7 39. Rc5 Bf8 40. Rc1 Bb4 41. Kf2 Bc8 42. Ra8 Bd7 43. Rxe8+ Bxe8 44. Rc8 Kf8 45. f5 Ra7 46. e6 Ra2+ 47. Kf3 Be1 48. Bd6+ Kg7 49. Rxe8 Rf2+ 50. Kg4 1-0

[Event "46th GRE-chT Premier 2018"]
[Site "Rio Achaia"]
[Date "2018.07.13"]
[Round "5"]
[White "Tsekouras, Theodoros"]
[Black "Dimopoulos, Symeon"]
[Result "1-0"]
[WhiteElo "2210"]
[BlackElo "2020"]
[Annotator "NA"]
[PlyCount "95"]
[EventDate "2018.07.10"]
[EventType "team-tourn"]
[EventCountry "GRE"]
[SourceTitle "playchess.com"]
[Source "ChessBase"]
[SourceQuality "1"]

1. c4 Nf6 2. g3 g6 3. Bg2 Bg7 4. Nc3 d6 5. e4 c5 6. Nge2 Nc6 7. d3 O-O 8. O-O Ne8 9. Be3 Nd4 10. h3 Nc7 11. Rb1 Rb8 12. b4 Bd7 13. b5 b6 14. f4 Qc8 15. Kh2 a5 16. g4 Nxe2 17. Nxe2 Ne6 18. f5 Nd4 19. f6 exf6 20. Nxd4 cxd4 21. Bxd4 Qc7 22. Kh1 Rbe8 23. Qd2 Re5 24. Qf2 Rb8 25. a4 Be6 26. Rbc1 Qc8 27. Bf3 Rg5 28. Rg1 h5 29. h4 Rxg4 30. Bxg4 hxg4 31. Bxb6 f5 32. Bd4 fxe4 33. Bxg7 Kxg7 34. Qd4+ Kg8 35. dxe4 Qb7 36. Kh2 Qc7 37. Kg2 Qb7 38. Kf2 Re8 39. Rge1 Qe7 40. Kg2 Qb7 41. Kg3 Bf5 42. Qd5 Qa7 43. exf5 Re3+ 44. Kxg4 gxf5+ 45. Kh5 Rg3 46. c5 Rg6 47. Rg1 Kg7 48. Qxf5 1-0

[Event "46th GRE-chT Premier 2018"]
[Site "Rio Achaia"]
[Date "2018.07.13"]
[Round "5"]
[White "Tzouganakis, Panteleimon"]
[Black "Sigalas, Frangiskos"]
[Result "1/2-1/2"]
[WhiteElo "2206"]
[BlackElo "2213"]
[Annotator "NA"]
[PlyCount "62"]
[EventDate "2018.07.10"]
[EventType "team-tourn"]
[EventCountry "GRE"]
[SourceTitle "playchess.com"]
[Source "ChessBase"]
[SourceQuality "1"]

1. e4 e6 2. d4 d5 3. Nc3 Bb4 4. e5 c5 5. a3 Bxc3+ 6. bxc3 Ne7 7. h4 Qa5 8. Bd2 Nbc6 9. Nf3 Bd7 10. h5 O-O-O 11. Bd3 c4 12. Be2 f6 13. h6 gxh6 14. exf6 Ng6 15. Kf1 Rdf8 16. Bxh6 Qxc3 17. Bxf8 Rxf8 18. g3 Rxf6 19. Kg2 h6 20. Re1 Nge7 21. Rc1 Nf5 22. Bf1 Rg6 23. Kh2 Ncxd4 24. Nxd4 Nxd4 25. Re3 Qb2 26. Rb1 Qxc2 27. Qxd4 Qxb1 28. Qc5+ Kb8 29. Qd6+ Kc8 30. Qc5+ Kb8 31. Qd6+ Kc8 1/2-1/2

[Event "46th GRE-chT Premier 2018"]
[Site "Rio Achaia"]
[Date "2018.07.13"]
[Round "5"]
[White "Milonakis, Georgios"]
[Black "Karousos-Theodorakis, Nikolaos"]
[Result "1/2-1/2"]
[WhiteElo "2200"]
[BlackElo "2255"]
[Annotator "NA"]
[PlyCount "80"]
[EventDate "2018.07.10"]
[EventType "team-tourn"]
[EventCountry "GRE"]
[SourceTitle "playchess.com"]
[Source "ChessBase"]
[SourceQuality "1"]

1. Nf3 c5 2. g3 Nc6 3. Bg2 g6 4. O-O Bg7 5. c3 e5 6. e4 Nge7 7. d3 O-O 8. Nbd2 d5 9. exd5 Nxd5 10. Re1 Re8 11. a4 Nc7 12. Ne4 b6 13. d4 exd4 14. cxd4 cxd4 15. Bg5 f6 16. Rc1 Bb7 17. Bf4 Ne5 18. Nxf6+ Bxf6 19. Nxe5 Bxg2 20. Kxg2 Ne6 21. Qb3 Bxe5 22. Rxe5 Qd7 23. Rce1 Kf7 24. Bh6 Qc6+ 25. R1e4 d3 26. Qxd3 Nc5 27. Qf3+ Kg8 28. Rxe8+ Rxe8 29. Rxe8+ Qxe8 30. Qd5+ Ne6 31. b4 Kf7 32. a5 Qe7 33. axb6 axb6 34. b5 g5 35. h4 gxh4 36. g4 Qf6 37. Be3 Kg6 38. Qh5+ Kg7 39. Qf5 Qxf5 40. gxf5 Nc7 1/2-1/2

[Event "46th GRE-chT Premier 2018"]
[Site "Rio Achaia"]
[Date "2018.07.13"]
[Round "5"]
[White "Klerides, Paris"]
[Black "Maier, Christian"]
[Result "1-0"]
[WhiteElo "2196"]
[BlackElo "2378"]
[Annotator "NA"]
[PlyCount "53"]
[EventDate "2018.07.10"]
[EventType "team-tourn"]
[EventCountry "GRE"]
[SourceTitle "playchess.com"]
[Source "ChessBase"]
[SourceQuality "1"]

1. e4 e6 2. d4 d5 3. Nc3 Bb4 4. e5 Ne7 5. a3 Bxc3+ 6. bxc3 c5 7. Qg4 cxd4 8. Qxg7 Rg8 9. Qxh7 Qc7 10. Ne2 Nbc6 11. f4 Bd7 12. Qd3 dxc3 13. Qxc3 O-O-O 14. Rb1 d4 15. Qd3 Be8 16. Bd2 Nd5 17. g3 f6 18. Bh3 Bf7 19. exf6 Nxf6 20. Qc4 Rd6 21. Bb4 Rd5 22. O-O Rh8 23. Bg2 e5 24. fxe5 Rxe5 25. Qd3 Nd5 26. Nxd4 Rd8 27. Nxc6 1-0

[Event "46th GRE-chT Premier 2018"]
[Site "Rio Achaia"]
[Date "2018.07.13"]
[Round "5"]
[White "Havanecz, Bianka"]
[Black "Cibickova, Zuzana"]
[Result "1/2-1/2"]
[WhiteElo "2193"]
[BlackElo "2292"]
[Annotator "NA"]
[PlyCount "68"]
[EventDate "2018.07.10"]
[EventType "team-tourn"]
[EventCountry "GRE"]
[SourceTitle "playchess.com"]
[Source "ChessBase"]
[SourceQuality "1"]

1. d4 d5 2. c4 c6 3. cxd5 cxd5 4. Bf4 Nc6 5. e3 Nf6 6. Nc3 Bf5 7. Qb3 Na5 8. Qa4+ Bd7 9. Qd1 e6 10. Bd3 Bb4 11. Nge2 O-O 12. a3 Be7 13. h3 Rc8 14. O-O Qb6 15. b4 Nc4 16. Ra2 h6 17. Na4 Bxa4 18. Qxa4 Bd6 19. Rc2 Bxf4 20. Nxf4 Nd6 21. Rfc1 Rxc2 22. Rxc2 Rc8 23. Rxc8+ Nxc8 24. Qc2 Nd6 25. Ne2 Kf8 26. Qc5 Nd7 27. Qxb6 Nxb6 28. Nc3 Ke7 29. Kf1 a6 30. Ke2 Nbc4 31. a4 b6 32. f3 a5 33. bxa5 bxa5 34. e4 Nb6 1/2-1/2

[Event "46th GRE-chT Premier 2018"]
[Site "Rio Achaia"]
[Date "2018.07.13"]
[Round "5"]
[White "Tzintzios, Georgios"]
[Black "Tepelenis, Nikolaos"]
[Result "1-0"]
[WhiteElo "2186"]
[BlackElo "2079"]
[Annotator "NA"]
[PlyCount "83"]
[EventDate "2018.07.10"]
[EventType "team-tourn"]
[EventCountry "GRE"]
[SourceTitle "playchess.com"]
[Source "ChessBase"]
[SourceQuality "1"]

1. e4 e6 2. d4 d5 3. Nc3 h6 4. Nf3 Nf6 5. Bd3 Bb4 6. e5 Ne4 7. Bd2 Bxc3 8. bxc3 Nxd2 9. Qxd2 c5 10. O-O c4 11. Be2 Bd7 12. g3 Ba4 13. Nh4 Qe7 14. f4 g6 15. Ng2 h5 16. Ne3 Nd7 17. h3 O-O-O 18. Kg2 Nb6 19. Rab1 Bc6 20. g4 hxg4 21. hxg4 Na4 22. Rbe1 Qa3 23. Nd1 Qxa2 24. Rh1 Qa3 25. g5 b5 26. Rh6 Rxh6 27. gxh6 Rh8 28. Rh1 Qf8 29. f5 gxf5 30. Kf2 f6 31. exf6 Qxf6 32. Qf4 Kd7 33. Ke1 Nb6 34. Ne3 Qg6 35. Bh5 Qh7 36. Qe5 Ke7 37. Bg6 Qxg6 38. Qxh8 f4 39. Qg7+ Qxg7 40. hxg7 Kf7 41. Rg1 Kg8 42. Ng4 1-0

[Event "46th GRE-chT Premier 2018"]
[Site "Rio Achaia"]
[Date "2018.07.13"]
[Round "5"]
[White "Liodakis, Konstantinos-Spyros"]
[Black "Dorfanis, Ilarion"]
[Result "0-1"]
[WhiteElo "2183"]
[BlackElo "2179"]
[Annotator "NA"]
[PlyCount "78"]
[EventDate "2018.07.10"]
[EventType "team-tourn"]
[EventCountry "GRE"]
[SourceTitle "playchess.com"]
[Source "ChessBase"]
[SourceQuality "1"]

1. d4 Nf6 2. c4 e6 3. Nf3 b6 4. g3 Ba6 5. b3 Bb4+ 6. Bd2 Be7 7. Bg2 c6 8. O-O d5 9. Qc2 O-O 10. Rd1 Nbd7 11. Ne5 Rc8 12. e4 Nxe4 13. Bxe4 dxe4 14. Nxd7 Qxd7 15. Qxe4 Bf6 16. Bf4 c5 17. Be5 Bb7 18. d5 exd5 19. cxd5 Rfe8 20. f4 Qg4 21. Nd2 Bxe5 22. fxe5 Qxe4 23. Nxe4 Rxe5 24. Nd6 Rb8 25. Nxb7 Rxb7 26. d6 Rd7 27. Rd2 Kf8 28. Kf2 Ke8 29. a3 Rb7 30. Rad1 Kd7 31. Kf3 Rb8 32. b4 Rc8 33. Rc1 Rc6 34. bxc5 Rcxc5 35. Rxc5 Rxc5 36. Ke4 Rc6 37. Rf2 f6 38. g4 Rc4+ 39. Kf5 Kxd6 0-1

[Event "46th GRE-chT Premier 2018"]
[Site "Rio Achaia"]
[Date "2018.07.13"]
[Round "5"]
[White "Kazantzidis, Ilias"]
[Black "Tomici, Stefan"]
[Result "1-0"]
[WhiteElo "2182"]
[BlackElo "2369"]
[Annotator "NA"]
[PlyCount "59"]
[EventDate "2018.07.10"]
[EventType "team-tourn"]
[EventCountry "GRE"]
[SourceTitle "playchess.com"]
[Source "ChessBase"]
[SourceQuality "1"]

1. d4 e6 2. Nf3 Nf6 3. Bg5 h6 4. Bh4 d5 5. e3 c5 6. c3 Be7 7. Nbd2 Nbd7 8. Bd3 O-O 9. O-O b6 10. Ne5 Nxe5 11. dxe5 Nd7 12. Bxe7 Qxe7 13. f4 Bb7 14. Qe2 f6 15. exf6 Rxf6 16. e4 c4 17. Bc2 Raf8 18. g3 Qc5+ 19. Qf2 Qxf2+ 20. Rxf2 e5 21. Raf1 exf4 22. Rxf4 Rxf4 23. Rxf4 Ne5 24. exd5 Rxf4 25. gxf4 Ng4 26. d6 Kf7 27. Nxc4 Nf6 28. Bb3 Bd5 29. Ne5+ Ke6 30. c4 1-0

[Event "46th GRE-chT Premier 2018"]
[Site "Rio Achaia"]
[Date "2018.07.13"]
[Round "5"]
[White "Nikolaidis, Konstantinos"]
[Black "Istratescu, Andrei"]
[Result "0-1"]
[WhiteElo "2182"]
[BlackElo "2575"]
[Annotator "ChessBase"]
[PlyCount "134"]
[EventDate "2018.07.10"]
[EventType "team-tourn"]
[EventCountry "GRE"]
[SourceTitle "playchess.com"]
[Source "ChessBase"]
[SourceQuality "1"]

1. e4 c5 2. Nf3 Nc6 3. d4 cxd4 4. Nxd4 Nf6 5. Nc3 d6 6. Bg5 Qa5 7. Bxf6 gxf6 8. Be2 Rg8 9. g3 Nxd4 10. Qxd4 Bd7 11. b4 Qe5 12. Qxe5 fxe5 13. O-O-O Rc8 14. Kb2 f5 15. Bd3 Bg7 16. f3 Rf8 17. Rhf1 h5 18. Kb3 Kd8 19. Bc4 Rh8 20. Bd3 h4 21. Rg1 hxg3 22. hxg3 Be6+ 23. Kb2 Rh3 24. Bf1 Rh2 25. Rg2 Rxg2 26. Bxg2 fxe4 27. fxe4 Kd7 28. Rh1 Rh8 29. Rxh8 Bxh8 30. Bf3 Bf6 31. a3 Bg5 32. Nd5 Bh3 33. c4 e6 34. Nc3 Bf1 35. Kb3 Be3 36. Nd1 Bd4 37. Nc3 Ke7 38. Ne2 Bf2 39. Kc3 Be1+ 40. Kc2 Kf6 41. Kd1 Bf2 42. Kd2 Kg5 43. Kd1 a6 44. Kd2 Bh3 45. a4 b6 46. Kd3 Bf1 47. Kd2 a5 48. b5 Bh3 49. Kd3 Be1 50. Ke3 Bf1 51. Bh1 Kg4 52. Bf3+ Kh3 53. Bh5 Bxg3 54. Bf7 Kg2 55. Nxg3 Kxg3 56. Bxe6 Bg2 57. Bd5 Bf3 58. c5 dxc5 59. Bb3 Bg4 60. Bc2 Be6 61. Bd1 Ba2 62. Bc2 c4 63. Bd1 Bb3 64. Be2 c3 65. Bd3 Bxa4 66. Be2 Bb3 67. Kd3 Bc4+ 0-1

[Event "46th GRE-chT Premier 2018"]
[Site "Rio Achaia"]
[Date "2018.07.13"]
[Round "5"]
[White "Tsiros, Fragkiskos Vlasios"]
[Black "Eleftheriou, Georgios"]
[Result "1/2-1/2"]
[WhiteElo "2181"]
[BlackElo "1790"]
[Annotator "NA"]
[PlyCount "93"]
[EventDate "2018.07.10"]
[EventType "team-tourn"]
[EventCountry "GRE"]
[SourceTitle "playchess.com"]
[Source "ChessBase"]
[SourceQuality "1"]

1. e4 c6 2. d4 d5 3. f3 Qb6 4. Nc3 e6 5. Nge2 Nf6 6. e5 Nfd7 7. f4 c5 8. Be3 Nc6 9. Qd2 cxd4 10. Nxd4 Nxd4 11. Bxd4 Bc5 12. Na4 Qc6 13. Nxc5 Nxc5 14. Qb4 Na6 15. Qa3 Bd7 16. Bd3 Qa4 17. Qxa4 Bxa4 18. b3 Bc6 19. c3 Nc7 20. a4 Kd7 21. Kd2 g6 22. g4 h5 23. h3 b5 24. a5 b4 25. cxb4 Bb5 26. a6 Bxd3 27. Kxd3 hxg4 28. hxg4 Rxh1 29. Rxh1 Nxa6 30. b5 Nc7 31. Rh7 Nxb5 32. Rxf7+ Kc6 33. Rf6 Rh8 34. Bf2 Rh2 35. Bxa7 Nxa7 36. Rxe6+ Kc5 37. b4+ Kxb4 38. Rxg6 Nb5 39. e6 Rh3+ 40. Kd2 Rh2+ 41. Kd3 Rh3+ 42. Ke2 d4 43. Kf2 Rh2+ 44. Kf1 d3 45. e7 Re2 46. Rg8 Rxe7 47. Rd8 1/2-1/2

[Event "46th GRE-chT Premier 2018"]
[Site "Rio Achaia"]
[Date "2018.07.13"]
[Round "5"]
[White "Tsaknakis, Zisis"]
[Black "Kalofonos, Panayotis"]
[Result "1-0"]
[WhiteElo "2170"]
[BlackElo "1896"]
[Annotator "NA"]
[PlyCount "65"]
[EventDate "2018.07.10"]
[EventType "team-tourn"]
[EventCountry "GRE"]
[SourceTitle "playchess.com"]
[Source "ChessBase"]
[SourceQuality "1"]

1. e4 c5 2. Nf3 g6 3. d4 cxd4 4. Qxd4 Nf6 5. Nc3 Nc6 6. Qa4 d6 7. e5 dxe5 8. Nxe5 Qd4 9. Nxc6 Qxa4 10. Nxa4 bxc6 11. Be2 Bg4 12. f3 Bf5 13. c4 Bg7 14. g4 Bc8 15. Be3 O-O 16. O-O-O h5 17. h3 hxg4 18. hxg4 Nd7 19. b3 f5 20. gxf5 gxf5 21. Bh6 Bxh6+ 22. Rxh6 Nf6 23. f4 Kg7 24. Rh3 Be6 25. Nc5 Kf7 26. Rdh1 Rg8 27. Bf3 Rac8 28. Re1 Bd7 29. Nxd7 Nxd7 30. Rh7+ Kf6 31. Bh5 Rgf8 32. b4 Nb6 33. Rhxe7 1-0

[Event "46th GRE-chT Premier 2018"]
[Site "Rio Achaia"]
[Date "2018.07.13"]
[Round "5"]
[White "Tsekmes, Dimitrios"]
[Black "Ladopoulos, Dimitrios"]
[Result "1/2-1/2"]
[WhiteElo "2170"]
[BlackElo "2183"]
[Annotator "NA"]
[PlyCount "78"]
[EventDate "2018.07.10"]
[EventType "team-tourn"]
[EventCountry "GRE"]
[SourceTitle "playchess.com"]
[Source "ChessBase"]
[SourceQuality "1"]

1. e4 d6 2. d4 Nf6 3. Nc3 c6 4. Nf3 Bg4 5. h3 Bh5 6. g4 Bg6 7. Qe2 e6 8. h4 h5 9. g5 Ng8 10. Bh3 a6 11. Bd2 Nd7 12. O-O-O Ne7 13. d5 cxd5 14. exd5 e5 15. Rhe1 Nf5 16. Bxf5 Bxf5 17. Nd4 Bg6 18. f4 Be7 19. f5 Bh7 20. Ne6 fxe6 21. Qxh5+ Kf8 22. fxe6 Qe8 23. Rf1+ Nf6 24. Qxe8+ Kxe8 25. gxf6 gxf6 26. Rde1 Rc8 27. Rg1 b5 28. Rg7 b4 29. Ne4 Rc4 30. Ng3 Rxc2+ 31. Kd1 Rc5 32. Bxb4 Rxd5+ 33. Ke2 Bg8 34. Nf5 Bf8 35. Rxg8 Rxg8 36. Rc1 Kd8 37. Rc6 Rg2+ 38. Kf3 Rxb2 39. Ke4 Rd4+ 1/2-1/2

[Event "46th GRE-chT Premier 2018"]
[Site "Rio Achaia"]
[Date "2018.07.13"]
[Round "5"]
[White "Korniotis, Filippos"]
[Black "Kokkota, Eleni"]
[Result "1-0"]
[WhiteElo "2163"]
[BlackElo "1616"]
[Annotator "NA"]
[PlyCount "51"]
[EventDate "2018.07.10"]
[EventType "team-tourn"]
[EventCountry "GRE"]
[SourceTitle "playchess.com"]
[Source "ChessBase"]
[SourceQuality "1"]

1. d4 Nf6 2. c4 e6 3. Nc3 Bb4 4. e3 O-O 5. Bd3 d5 6. Nf3 c5 7. O-O cxd4 8. exd4 dxc4 9. Bxc4 b6 10. Qb3 Bxc3 11. bxc3 Nc6 12. Qc2 Bb7 13. Ba3 Re8 14. Rac1 Qc7 15. Rfe1 a6 16. Bd3 Rad8 17. Rcd1 g6 18. Bc1 Nd5 19. Qd2 f6 20. c4 Ndb4 21. Bb1 a5 22. a3 Na6 23. d5 Ncb8 24. Ba2 Nc5 25. Nd4 e5 26. Nb5 1-0

[Event "46th GRE-chT Premier 2018"]
[Site "Rio Achaia"]
[Date "2018.07.13"]
[Round "5"]
[White "Kokkalis, Vasilios"]
[Black "Galopoulos, Nikolaos"]
[Result "0-1"]
[WhiteElo "2149"]
[BlackElo "2351"]
[Annotator "NA"]
[PlyCount "64"]
[EventDate "2018.07.10"]
[EventType "team-tourn"]
[EventCountry "GRE"]
[SourceTitle "playchess.com"]
[Source "ChessBase"]
[SourceQuality "1"]

1. d4 Nf6 2. c4 e6 3. Nc3 Bb4 4. e3 b6 5. Nge2 Bb7 6. a3 Bd6 7. b4 O-O 8. Bb2 Ng4 9. Nf4 Qh4 10. g3 Qh6 11. d5 f5 12. Bg2 e5 13. h3 Nxe3 14. fxe3 exf4 15. exf4 a5 16. b5 Bc5 17. Ne2 Re8 18. Qd3 Qh5 19. Bf3 Qg6 20. Kd2 Re3 21. Qxe3 Bxe3+ 22. Kxe3 d6 23. g4 Nd7 24. Rag1 Re8+ 25. Kd2 Nc5 26. gxf5 Qxf5 27. Rxg7+ Kf8 28. Rhg1 Qd3+ 29. Ke1 Qb1+ 30. Kf2 Nd3+ 31. Kg2 Qxb2 32. Rxh7 Rxe2+ 0-1

[Event "46th GRE-chT Premier 2018"]
[Site "Rio Achaia"]
[Date "2018.07.13"]
[Round "5"]
[White "Kouvatsos, Filippos"]
[Black "Azis, Azizis Ektoras"]
[Result "1-0"]
[WhiteElo "2148"]
[BlackElo "2209"]
[Annotator "NA"]
[PlyCount "80"]
[EventDate "2018.07.10"]
[EventType "team-tourn"]
[EventCountry "GRE"]
[SourceTitle "playchess.com"]
[Source "ChessBase"]
[SourceQuality "1"]

1. d4 f5 2. Nf3 Nf6 3. g3 g6 4. Bg2 Bg7 5. b3 O-O 6. Bb2 d6 7. Nbd2 Qe8 8. a4 a5 9. Nc4 e6 10. O-O Nc6 11. e3 b6 12. Ne1 Bb7 13. Nd3 Rd8 14. Qe2 Rd7 15. Nf4 d5 16. Nd2 e5 17. dxe5 Nxe5 18. Rfd1 Qe7 19. c4 Rfd8 20. Nf3 Nxf3+ 21. Bxf3 Ba6 22. Qc2 dxc4 23. Rxd7 Rxd7 24. bxc4 c5 25. Rb1 Bb7 26. Bxb7 Rxb7 27. Bxf6 Bxf6 28. Nd5 Qd6 29. Qb3 Bd8 30. Rd1 Kf7 31. Nf4 Qb8 32. Qd3 Bf6 33. Qd5+ Kg7 34. Qc6 Rf7 35. Rd6 Be5 36. Ne6+ Kf6 37. Rd5 Qb7 38. Qe8 Re7 39. Qh8+ Kxe6 40. Rxe5+ Kf7 1-0

[Event "46th GRE-chT Premier 2018"]
[Site "Rio Achaia"]
[Date "2018.07.13"]
[Round "5"]
[White "Richterova, Natasa"]
[Black "Serefidou, Despina"]
[Result "1-0"]
[WhiteElo "2146"]
[BlackElo "1906"]
[Annotator "NA"]
[PlyCount "105"]
[EventDate "2018.07.10"]
[EventType "team-tourn"]
[EventCountry "GRE"]
[SourceTitle "playchess.com"]
[Source "ChessBase"]
[SourceQuality "1"]

1. Nf3 Nf6 2. c4 c5 3. Nc3 Nc6 4. d4 cxd4 5. Nxd4 d6 6. e4 g6 7. Be2 Bg7 8. Be3 Nxd4 9. Bxd4 O-O 10. O-O Be6 11. Rc1 Rc8 12. b3 Qa5 13. Qd3 Nd7 14. Bxg7 Kxg7 15. f4 Qc5+ 16. Kh1 f5 17. Bf3 Nf6 18. Rce1 fxe4 19. Nxe4 Nxe4 20. Rxe4 Rf6 21. Rfe1 Bf7 22. Rxe7 b5 23. cxb5 Rxf4 24. Bd5 Rc7 25. Rxc7 Qxc7 26. h3 Qc5 27. Bxf7 Rxf7 28. Rd1 Rf6 29. a4 Re6 30. Qd4+ Qxd4 31. Rxd4 Kf6 32. Rf4+ Ke7 33. Rc4 Kd7 34. Rc6 Re7 35. Ra6 Ke6 36. b6 axb6 37. Rxb6 Kd5 38. a5 Re1+ 39. Kh2 Ra1 40. b4 Kc4 41. Rxd6 Kxb4 42. Rd7 Rxa5 43. Rxh7 Kc4 44. Rd7 Rg5 45. g3 Rf5 46. h4 g5 47. Kh3 gxh4 48. Kxh4 Rf1 49. g4 Rh1+ 50. Kg5 Rg1 51. Kf5 Rf1+ 52. Kg6 Rg1 53. g5 1-0

[Event "46th GRE-chT Premier 2018"]
[Site "Rio Achaia"]
[Date "2018.07.13"]
[Round "5"]
[White "Makropoulou, Marina"]
[Black "Juhasz, Barbara"]
[Result "0-1"]
[WhiteElo "2135"]
[BlackElo "2227"]
[Annotator "NA"]
[PlyCount "114"]
[EventDate "2018.07.10"]
[EventType "team-tourn"]
[EventCountry "GRE"]
[SourceTitle "playchess.com"]
[Source "ChessBase"]
[SourceQuality "1"]

1. e4 c5 2. Nf3 e6 3. d4 cxd4 4. Nxd4 Nf6 5. Nc3 Qb6 6. e5 Bc5 7. Ndb5 a6 8. Nd6+ Bxd6 9. Qxd6 Qxd6 10. exd6 b5 11. Bd3 Bb7 12. O-O Nc6 13. a4 b4 14. Ne4 Nxe4 15. Bxe4 O-O 16. Be3 Na5 17. Bd3 Rfc8 18. b3 Nc6 19. a5 Ne5 20. Ra4 Nxd3 21. cxd3 Bc6 22. Rxb4 Bb5 23. Bb6 Rc6 24. Bc7 Bxd3 25. Re1 Bb5 26. h4 f6 27. Rd4 Kf7 28. Rd2 h5 29. Rdd1 e5 30. Rc1 Ke6 31. f3 Ra7 32. Rxc6 Bxc6 33. Rd1 Rb7 34. Rd3 Rb5 35. Kf2 Bd5 36. Rc3 Bxb3 37. Ke3 Bd5 38. g3 Rb1 39. Kf2 Rb2+ 40. Kf1 Bc6 41. Kg1 Ra2 42. Rd3 Bb5 43. Rc3 Rd2 44. Bb8 Ra2 45. Bc7 g5 46. hxg5 fxg5 47. Re3 Kf5 48. Bd8 Rd2 49. Be7 Ra2 50. Bd8 Bc6 51. Rc3 g4 52. fxg4+ Kxg4 53. Bb6 Bf3 54. Rc1 Kxg3 55. Be3 h4 56. Rc8 Ra1+ 57. Bc1 h3 0-1

[Event "46th GRE-chT Premier 2018"]
[Site "Rio Achaia"]
[Date "2018.07.13"]
[Round "5"]
[White "Krallis, Christos"]
[Black "Dimitrov, Atanas"]
[Result "1/2-1/2"]
[WhiteElo "2132"]
[BlackElo "2294"]
[Annotator "NA"]
[PlyCount "61"]
[EventDate "2018.07.10"]
[EventType "team-tourn"]
[EventCountry "GRE"]
[SourceTitle "playchess.com"]
[Source "ChessBase"]
[SourceQuality "1"]

1. c4 c6 2. Nf3 d5 3. e3 Nf6 4. Nc3 g6 5. Be2 Bg7 6. O-O O-O 7. d4 Be6 8. Qb3 Qb6 9. Ne5 Nbd7 10. f4 dxc4 11. Bxc4 Bxc4 12. Qxc4 e6 13. Rd1 Rfd8 14. b3 Rac8 15. Bb2 Nd5 16. Qe2 Nxc3 17. Bxc3 Nf6 18. Nc4 Qb5 19. Rac1 Ne4 20. Bb2 f5 21. Qc2 Rd5 22. a4 Qa6 23. b4 Rcd8 24. Qb3 b6 25. Nd2 Nxd2 26. Rxd2 c5 27. dxc5 Rxd2 28. Qxe6+ Kh8 29. Bxg7+ Kxg7 30. Qe7+ Kg8 31. Qe6+ 1/2-1/2

[Event "46th GRE-chT Premier 2018"]
[Site "Rio Achaia"]
[Date "2018.07.13"]
[Round "5"]
[White "Mavrikakis, Georgios"]
[Black "Hrisomalis, Theodoros"]
[Result "1/2-1/2"]
[WhiteElo "2127"]
[BlackElo "2163"]
[Annotator "NA"]
[PlyCount "62"]
[EventDate "2018.07.10"]
[EventType "team-tourn"]
[EventCountry "GRE"]
[SourceTitle "playchess.com"]
[Source "ChessBase"]
[SourceQuality "1"]

1. e4 e5 2. Nf3 Nf6 3. Nxe5 d6 4. Nf3 Nxe4 5. Nc3 Nxc3 6. dxc3 Nc6 7. Be3 Be7 8. Qd2 Be6 9. Ng5 Bxg5 10. Bxg5 Qd7 11. Be2 f6 12. Be3 a6 13. h3 O-O-O 14. b4 Ne5 15. a4 Qc6 16. O-O Bc4 17. Bxc4 Nxc4 18. Qd4 Nxe3 19. Qxe3 Rhe8 20. Qd3 Qe4 21. Rfe1 Qxd3 22. cxd3 d5 23. Kf1 Kd7 24. Ra2 Rxe1+ 25. Kxe1 Re8+ 26. Re2 Rxe2+ 27. Kxe2 Kd6 28. d4 Ke6 29. f4 h5 30. g4 hxg4 31. hxg4 g5 1/2-1/2